Normal view
MARC view
- Strong,Clyde B.
Entry Personal Name
001 - CONTROL NUMBER
- control field: 6372
003 - CONTROL NUMBER IDENTIFIER
- control field: NUST
005 - DATE AND TIME OF LATEST TRANSACTION
- control field: 20171115102041.0
008 - FIXED-LENGTH DATA ELEMENTS
- fixed length control field: 171115|| aca||aabn | a|a d
040 ## - CATALOGING SOURCE
- Original cataloging agency: NUST
- Transcribing agency: NUST
100 ## - HEADING--PERSONAL NAME
- Personal name: Strong,Clyde B.
670 ## - SOURCE DATA FOUND
- Source citation: Work cat.: (NUST): Strong,Clyde B., Emergency Response and Hazardous Chemical Management:, 1997
